01147nab a2200157 i 4500001001000000003001000010005001700020008004100037040003000078041000800108100003900116245011700155520053500272650003700807773014500844768714001CO-MdFUSB20240826105222.0220912s1997 ck ||||| |||| 00| 0 spa d bspacCO-MdFUSBdCO-MdFUSB aspa aAnacona Jiménez, Omaira, eautor1 aIndígenas Yanaconas :balumbranzas de mama Concia y la supervivencia de la culturac/ Omaira Anacona Jiménez aLas alumbranzas de Mama Concia en la supervivencia de la música autóctona en el resguardo indígena de Caquiona, es una investigación de carácter etnográfico e investigativo, producto de la convivencia durante un número considerable de años en la comunidad Yanacona. El trabajo se enfoca como una estrategia cultural en la cual la virgen remanecida del Resguardo indígena Caquiona, Mama Concia, juega un papel primordial como elemento vivo e integrador de la música tradicional autóctona del pueblo Yanacona. 7aAntropología cultural y social0 049438dCentro Antropológico ColombianooR1698tEthniaw(CO-MdFUSB)768714001gVolumen 80, (octubre, 1997), páginas: 1 - 69 qpágina: 1